Hlavný policajt na Facebooku

Práca bezpečnostného riaditeľa Facebooku Joe Sullivana. Čo robí preto, aby ochránil Facebook a nenarušil súkromie používateľov. Snaha o zabránenie internetovej kriminalite. Spolupráca štátnych orgánov a advokátov s Facebookom pri hľadaní dôkazov pre vyšetrovanie a súdne spory. V ktorých prípadoch sa...

Descrizione completa

Salvato in:
Dettagli Bibliografici
Autore principale: Hill, Kashmir
Natura: Capitolo di libro
Lingua:slovacco
Soggetti:
Tags: Aggiungi Tag
Nessun Tag, puoi essere il primo ad aggiungerne!!

MARC

LEADER 00000naa a2200000 4500
001 0151431
005 20231009104708.4
041 0 |a slo 
044 |a SK 
245 1 0 |a Hlavný policajt na Facebooku  |c Kashmir Hill 
520 |a Práca bezpečnostného riaditeľa Facebooku Joe Sullivana. Čo robí preto, aby ochránil Facebook a nenarušil súkromie používateľov. Snaha o zabránenie internetovej kriminalite. Spolupráca štátnych orgánov a advokátov s Facebookom pri hľadaní dôkazov pre vyšetrovanie a súdne spory. V ktorých prípadoch sa používateľ dostane pod drobnohľad. Používanie algoritmov, ktoré hľadajú falošné spamerské stránky a monitorujú interakcie detí s dospelými. 
610 2 0 |a siete sociálne 
610 2 0 |a internet 
610 2 0 |a bezpečnosť 
610 2 0 |a kriminalita 
100 1 |a Hill, Kashmir